So sánh Bộ luật tố tụng dân sự năm 2004 (sửa đổi, bổ sung năm 2011) và Bộ luật tố tụng dân sự năm 2015
So sánh từng điều luật cụ thể của Bộ luật Tố tụng dân sự năm 2004 với Bộ luật Tố tụng dân sự năm 2015 và chỉ rõ những điểm mới, những điểm được sửa đổi, bổ sung thuận lợi cho quá trình tra cứu, áp dụng luật vào thực tiễn...
Guardado en:
| Autor principal: | |
|---|---|
| Formato: | Libro |
| Lenguaje: | Undetermined |
| Publicado: |
H.
Lao động
2016
|
| Materias: | |
| Acceso en línea: | http://lrc.tdmu.edu.vn/opac/search/detail.asp?aID=2&ID=29100 |
| Etiquetas: |
Agregar Etiqueta
Sin Etiquetas, Sea el primero en etiquetar este registro!
|
| Thư viện lưu trữ: | Trung tâm Học liệu Trường Đại học Thủ Dầu Một |
|---|
| LEADER | 01265nam a2200205Ia 4500 | ||
|---|---|---|---|
| 001 | TDMU_29100 | ||
| 008 | 210410s9999 xx 000 0 und d | ||
| 082 | |a 621.3 | ||
| 090 | |b T100 | ||
| 100 | |a Tạ, Đình Tuyên | ||
| 245 | 0 | |a So sánh Bộ luật tố tụng dân sự năm 2004 (sửa đổi, bổ sung năm 2011) và Bộ luật tố tụng dân sự năm 2015 | |
| 245 | 0 | |c Tạ Đình Tuyên | |
| 260 | |a H. | ||
| 260 | |b Lao động | ||
| 260 | |c 2016 | ||
| 300 | |a 655tr. | ||
| 520 | |a So sánh từng điều luật cụ thể của Bộ luật Tố tụng dân sự năm 2004 với Bộ luật Tố tụng dân sự năm 2015 và chỉ rõ những điểm mới, những điểm được sửa đổi, bổ sung thuận lợi cho quá trình tra cứu, áp dụng luật vào thực tiễn | ||
| 650 | |a Pháp luật |x Bộ luật tố tụng dân sự |x So sánh luật |y 2004 |2 015; Văn bản pháp luật |x Bộ luật tố tụng dân sự |x So sánh luật |y 2004 |2 015 | ||
| 856 | |u http://lrc.tdmu.edu.vn/opac/search/detail.asp?aID=2&ID=29100 | ||
| 980 | |a Trung tâm Học liệu Trường Đại học Thủ Dầu Một | ||